| 000 | 00722nam a22002177a 4500 | ||
|---|---|---|---|
| 003 | OSt | ||
| 005 | 20260306023145.0 | ||
| 008 | 260306b |||||||| |||| 00| 0 eng d | ||
| 020 | _a978-1-64728-568-5 | ||
| 040 |
_aDWC-Main lib _cOC |
||
| 082 | _aCirc. 624.1 C187s 2024 | ||
| 100 | _aCampbell, Daniel | ||
| 245 |
_aStructural engineering: _bprinciples and practice _cDaniel Campbell |
||
| 260 |
_aForest Hills, USA: _bWillford Press, _cc2024. |
||
| 300 |
_aviii, 222 pages: _billustrations; x _cillustrations; 25 cm. |
||
| 504 | _aIncludes bibliographical references and index. | ||
| 650 | _a1. Structural engineering. | ||
| 650 | _a2. Engineering. | ||
| 650 | _a3. Architecture. | ||
| 942 |
_2ddc _cBK-CIRC _kCirc. _n0 |
||
| 999 |
_c8656 _d8656 |
||